Statistics for Foods that are red

Click here to take the quiz!

General Stats

  • This quiz has been taken 32 times
  • The average score is 7 of 16

Answer Stats

HintAnswer% Correct
ipad, iphone, iwhatever...Apple
92%
bumpy, can come as green and orange as wellcapsicum
76%
comes in 2'scherry
76%
green on the outsidewatermelon
72%
spicychilli
60%
comes from a strawstrawberry
56%
bursts in your mouthtomato
56%
fuzzy version of abovepeach
32%
tiny juicy seedspomegranate
28%
it leaves stainsbeetroot
24%
can be greengrapes
24%
you blow theseraspberry
24%
grown in the groundradish
20%
snap snap swimlobster
8%
sweet, juicy, softnectarine
8%
red bottoms, green topsrhubarb
0%

Score Distribution

Percentile by Number Answered

Percent of People with Each Score

Your Score History

You have not taken this quiz